00698 2200169 4500245007400000020002200074250001100096100002000107650001600127005001900143260004200162041001400204084000800218300002300226500027000249336000900519 aStella Etc #5 b : Amber dan Hot Pepper JellycMcCombie, KarenhText a978-979-22-3450-3 aCet. 1 aMcCombie, Karen aNovel Fiksi a20231004083529 aJakartabGramedia Pustaka Utamac2008 aIndonesia a813 a216 hlm. :c20 cm. aJudul asli : Stella Etc. #5 Amber and The Hot Pepper Jellyselama ini stella mengira dirinya cewek ABG B paling pemalu di portbay, tapi rupanya dia kelirun, sebab sekarang ada putri pemalu paling barun , yaitu Amber , alias pelayan kafe shingles yang terkenal jutek. atext